Trendy v systémoch riadenia podnikov

Guardado en:
Detalles Bibliográficos
Autor Corporativo: Medzinárodná vedecká konferencia Herľany
Formato: Procedimiento de la Conferencia Libro
Lenguaje:eslovaco
inglés
Publicado: Košice : Technická univerzita v Košiciach, 2004
Edición:1. vyd
Materias:
Etiquetas: Agregar Etiqueta
Sin Etiquetas, Sea el primero en etiquetar este registro!

MARC

LEADER 00000nam a22000003a 4500
001 stu91970
005 20150408161053.8
008 041206s2004----xo------------------slo-d
020 |a 80-8073-202-7 
040 |a STU  |b slo 
041 0 |a slo  |a eng 
044 |a xo 
080 |a 65 
080 |a (063) 
111 2 |a Medzinárodná vedecká konferencia  |n (7. :  |d 9.-10.11.2004 :  |c Herľany) 
245 |a Trendy v systémoch riadenia podnikov 
250 |a 1. vyd 
260 |a Košice :  |b Technická univerzita v Košiciach,  |c 2004 
300 |a 80 s 
650 7 |a riadenie podnikov  |2 stusub 
650 7 |a manažment podnikový  |2 stusub 
996 |b 284M042574  |c M*Z-2547  |l MMKN  |s A  |a 24  |w stu91970_0001 
996 |b 284M042499  |c M*Z-2540  |l MMKN  |s A  |a 24  |w stu91970_0002 
996 |b 284M042490  |c M*Z-2531  |l MMKN  |s A  |a 24  |w stu91970_0003 
996 |b 284M042491  |c M*Z-2532  |l MMKN  |s A  |a 24  |w stu91970_0004 
996 |b 284M042492  |c M*Z-2533  |l MMKN  |s A  |a 24  |w stu91970_0005 
996 |b 284M042493  |c M*Z-2534  |l MMKN  |s A  |a 24  |w stu91970_0006 
996 |b 284M042494  |c M*Z-2535  |l MMKN  |s A  |a 24  |w stu91970_0007 
996 |b 284M042495  |c M*Z-2536  |l MMKN  |s A  |a 24  |w stu91970_0008 
996 |b 284M080311  |c M*Z-2538  |l MMKN  |s A  |a 24  |w stu91970_0010 
996 |b 284M055946  |c M*Z-2539  |l MMKN  |s A  |a 24  |w stu91970_0011